000 00429cam a2200169ua 4500
020 _c25.00
041 _aeng
_h
082 _a690
_bSUS/TE
100 _aSushil, Kumar .
245 _aText book of building construction /
_cSushil Kumar.
_hTextual Documents
260 _a :
_bKatson Publishing House ,
_c1985.
300 _a445 :
_b506 ; .
365 _a25.00
504 _a
942 _cBK
999 _c10568
_d10568